000 00640nam a22001937a 4500
005 20251108164721.0
008 250721s1992 xx 000 0 ara d
082 1 4 _a812.90962/ولي
100 1 _aمنير، وليد
245 1 0 _aفضاء الصوت الدرامي :
_bدراسة في مسرح صلاح عبد الصبور /
264 1 _aالقاهرة :
_bالهيئة المصرية العامة للكتاب،
_c1992.
300 _a261ص
650 1 7 _aالمسرحيات العربية
650 1 7 _aالتاريخ الأدبي
650 1 7 _aالنقد الأدبي
650 1 7 _aمصر
942 _2ddc
_cBK
999 _c12600
_d12600